000 00413nam a2200181Ia 4500
001 15644
005 20260306170211.0
008 260306t2013||||xx |||||||||||||| ||und||
041 _aESP
082 _a570
_bC97 2013
100 _aCurtis, Helena
_eAUT
245 0 _aBiología
260 _c2013
300 _axxxvii, 1009 páginas :
_c28 cm.
650 _aGEN
654 _aCCN
942 _cLIB
_dJUS
_fJUS
_2ddc
_n
999 _c15644
_d15644